Škola nie je výchovný tábor Inšpiratívna príručka plná učiteľských príbehov a trikov, ako vyriešiť problémové správanie žiakov v školách
Saved in:
| Main Author | |
|---|---|
| Format | Electronic eBook |
| Language | Czech |
| Published |
Grada SK
2023
|
| Edition | 1. elektronické vydání |
| Subjects | |
| Online Access | Dostupné v BOOKPORT po přihlášení pomocí eduID |
| ISBN | 978-80-8090-507-1 978-80-8090-505-7 |
| Physical Description | 1 online zdroj (288 stran) |
| LEADER | 00000nam a2200000 i 4500 | ||
|---|---|---|---|
| 001 | bkp100173 | ||
| 003 | CZ-prgp | ||
| 005 | 20230313115029.0 | ||
| 006 | m o d | ||
| 007 | cr cn | ||
| 008 | 230313s2023 xr o 000 0 cze | ||
| 020 | |a 978-80-8090-507-1 |c 414 Kč |q (online ; epub) | ||
| 020 | |a 978-80-8090-505-7 |c 487 Kč |q (print) | ||
| 040 | |a Grada |b cze |e rda | ||
| 100 | 1 | |a Belešová, Mária | |
| 245 | 1 | 0 | |a Škola nie je výchovný tábor |b Inšpiratívna príručka plná učiteľských príbehov a trikov, ako vyriešiť problémové správanie žiakov v školách |c Mária Belešová |
| 250 | |a 1. elektronické vydání | ||
| 264 | 1 | |b Grada SK |c 2023 | |
| 300 | |a 1 online zdroj (288 stran) | ||
| 336 | |a text |b txt |2 rdacontent | ||
| 337 | |a počítač |b c |2 rdamedia | ||
| 338 | |a online zdroj |b cr |2 rdacarrier | ||
| 520 | 3 | |a Knihu tvoria skutočné príbehy učiteľov a situácie, s ktorými sa stretli počas svojej pedagogickej praxe. Príbehy sa týkajú problémových žiakov, detí s ADHD, autizmom či s poruchami správania. Nájdete v nej aj skúsenosti učiteľov so vzdelávaním rómskych detí a detí z rodín, v ktorých úradujú vulgarizmy, klamstvá, agresivita, alkohol a tabak. Je plná cenných rád, ako vyriešiť problémové správanie žiakov. | |
| 650 | 0 | 4 | |a Psychologie a pedagogika |
| 856 | 4 | 0 | |u https://www.bookport.cz/AccountSaml/SignIn/?idp=https://shibboleth.utb.cz/idp/shibboleth&returnUrl=/kniha/skola-nie-je-vychovny-tabor-11608/ |y Dostupné v BOOKPORT po přihlášení pomocí eduID |